MARC

LEADER 00000cam a2200000 a 4500
001 vtls010596208
003 SK-MaSNL
005 20260301215103.0
008 160429s2011 gw f n 000 0dger
020 |a 9783934085336  |q (brož.) 
040 |a SNK  |b slo  |c SNK  |e AACR2 
041 0 |a ger 
043 |a e-ge--- 
044 |a gw  |c DE 
072 7 |a 323  |x Vnútropolitický vývoj, politický život  |2 konspekt 
080 |a 141.82  |2 2001 
080 |a 328/329  |2 2001 
080 |a 324:352  |2 2001 
080 |a (430.3)  |2 2001 
080 |a (082)  |2 2001 
080 |a 323.22/.28  |2 2001 
245 0 0 |a Revolution  |b die DDR im Jahr 1989  |c Jens Schöne (Hg.) 
250 |a 2. Auflage 
260 |a Berlin  |b Der Berliner Landesbeauftragte für die Unterlagen des Staatssicherheitsdienstes der ehemaligen DDR  |c 2011 
300 |a 116 s.  |c 21 cm 
490 1 |a Schriftenreihe des Berliner Landesbeauftragten für die Unterlagen des Staatssicherheitsdienstes der ehemaligen DDR ;  |v Bd. 29 
504 |a Bibliogr.: s. 110-111 ; bibliogr. odkazy ; pozn. 
648 7 |a 1989  |2 SNKPH  |9 276934 
648 7 |a 20. stor.  |2 SNKPH  |9 275975 
648 7 |a 20th century  |2 SNKPHeng  |9 277995 
650 0 7 |a komunizmus  |2 SNKPH  |9 2152 
650 0 7 |a Communism  |2 SNKPHeng  |9 285502 
650 0 7 |a politika a vláda  |2 SNKPH  |9 3868 
650 0 7 |a Politics and government  |2 SNKPHeng  |9 280895 
650 0 7 |a komunálne voľby  |2 SNKPH  |9 4164 
650 0 7 |a Local elections  |2 SNKPHeng  |9 326606 
650 0 7 |a vnútropolitický vývoj  |2 SNKPH  |9 88635 
650 0 7 |a Internal political developments  |2 SNKPHeng  |9 274994 
651 7 |a Nemecká demokratická republika  |2 SNKPH  |9 74579 
651 7 |a Germany (east)  |2 SNKPHeng  |9 507228 
655 7 |a zborníky  |2 SNKPH  |9 70165 
655 7 |a Miscellanea  |2 SNKPHeng  |9 265155 
700 1 |a Schöne, Jens,  |d 1970-  |4 edt  |9 604435 
830 0 |a Schriftenreihe des Berliner Landesbeauftragten für die Unterlagen des Staatssicherheitsdienstes der ehemaligen DDR  |9 604436 
919 |a 978-3-934085-33-6 
958 |a TL 
958 |a NB 
958 |a BX 
958 |a DE 
999 |c 926848  |d 928778 
952 |a SNK  |b SNK  |y VYP  |7 0  |p 17A1111118  |o snkIC 141241  |i snk2014/12188  |8 2  |g 8.00  |0 0  |1 0  |4 0  |d 2014-05-13  |l 0  |r 2026-02-24 08:36:24  |w 2026-02-24